000 00346nam a22001217a 4500
040 _cSY
082 _a635
100 _aTOUCH HENGVANN; ទូច ហេងវណ្ណ
245 _aPostharvest techno, បច្ចេកវិទ្យាក្រោយពេលប្រមូលផល
260 _aRUA
_bTOU
_cNA
300 _a71p.
942 _cKB
999 _c9900
_d9900